000
00327nam a22001457a 4500
008
230721b ||||| |||| 00| 0 eng d
020
_a
6613994
041
_a
eng
080
_a
621
082
_a
621GOT
100
_a
19
101
_a
MEK
245
_a
QUANTUM MECHANICS VOLUME I FUNDAMETALS
_c
GOTTFRIED .K
942
_2
udc
_c
BK
999
_c
60200
_d
60200